00971nam a2200169Ia 4500008004100000040001800041041000800059110003500067245008200102260004400184300001300228490008000241505039400321650002100715651003200736700003300768130821s1998 sp gs spa  aCo-BoUCMbspa00aspa aFundación Histórica Tavera00aObras clásicas para la historia de FilipinascAntonio Molina Memije (comp.) aMadrid (España)bLa Fundaciónc1998 a1 CD-ROM aColección Clásicos Tavera.v.11aSerie I. Iberoamérica en la Historia a17 documentos de la historia de Filipinas de los autores Jose de Alcazar, Miguel Blanco Herrera, Manuel Buzeta, Felipe Bravo, Francisco Comber, Tomas de Comyn, Martín Fernández de Navarrete, Jesús Gayo, Saturnino Martín Cerezo, Francisco Javier de Moya y Jiménez, Eduardo Naranjo, Antonio Pigaffeta, W.E. Retona, Manuel Sastron, Pedro Torres y Lanzar, Francisco-Engrecio Vergona.04aHistoria de Asia aFilipinasxHistoriavCD-ROM aMolina Memije AntonioEcomp.